MARC details
| 000 -CABECERA |
| campo de control de longitud fija |
01740nam a22003617a 4500 |
| 003 - IDENTIFICADOR DEL NÚMERO DE CONTROL |
| campo de control |
CHAP |
| 005 - FECHA Y HORA DE LA ÚLTIMA TRANSACCIÓN |
| campo de control |
20240529095942.0 |
| 007 - CAMPO FIJO DE DESCRIPCIÓN FÍSICA--INFORMACIÓN GENERAL |
| campo de control de longitud fija |
ta |
| 008 - DATOS DE LONGITUD FIJA--INFORMACIÓN GENERAL |
| campo de control de longitud fija |
221109s2021 mx daobfs|||| 001 0 spa d |
| 040 ## - FUENTE DE LA CATALOGACIÓN |
| Centro catalogador/agencia de origen |
mxchpua |
| 090 ## - LOCALMENTE ASIGNADO TIPO-LC NÚMERO DE CLASIFICACIÓN (OCLC); NÚMERO DE CLASIFICACIÓN LOCAL (RLIN) |
| Número de clasificación (OCLC) (R) ; Numero de clasificación, CALL (RLIN) (NR) |
T.C.862 |
| Número cutter local (OCLC) ; Número de libro/Signatura topográfica íntegra, CALL (RLIN) |
R36 SAI |
| Año |
2021 |
| 245 10 - MENCIÓN DE TÍTULO |
| Título |
Sistema producto vino región Baja California / |
| Mención de responsabilidad, etc. |
coordinador José Orlando Ramayo Ramírez ; colaboradores Ángel Gabriel Álvaro Romano...[y otros] |
| 260 ## - PUBLICACIÓN, DISTRIBUCIÓN, ETC. |
| Lugar de publicación, distribución, etc. |
México, Chapingo : |
| Nombre del editor, distribuidor, etc. |
El autor, |
| Fecha de publicación, distribución, etc. |
2021 |
| 300 ## - DESCRIPCIÓN FÍSICA |
| Extensión |
1 recurso en línea (vi, 88 páginas) : |
| Otras características físicas |
ilustraciones, mapas, gráficas, diagramas, tablas, fotos |
| 336 ## - TIPO DE CONTENIDO |
| Fuente |
rdacontent |
| Término de tipo de contenido |
texto |
| Código de tipo de contenido |
txt |
| 337 ## - TIPO DE MEDIO |
| Fuente |
rdamedia |
| Nombre/término del tipo de medio |
computadora |
| Código del tipo de medio |
c |
| 338 ## - TIPO DE SOPORTE |
| Fuente |
rdacarrier |
| Nombre/término del tipo de soporte |
recurso en línea |
| Código del tipo de soporte |
cr |
| 500 ## - NOTA GENERAL |
| Nota general |
Grado: 6° Grupo: 2 |
| 502 ## - NOTA DE TESIS |
| Nota de tesis |
Viaje de Estudios |
| Tipo de título |
(SAI) -- |
| Nombre de la institución que otorga el título |
UACh. Departamento de Ingeniería Agroindustrial, |
| Año de obtención del título |
2021 |
| 504 ## - NOTA DE BIBLIOGRAFÍA, ETC. |
| Nota de bibliografía, etc. |
Bibliografía: pág.83-86 |
| 505 00 - NOTA DE CONTENIDO CON FORMATO |
| Nota de contenido con formato |
Visitas : -- |
| Título |
1. Vinos Paralelo --<br/>2. Solar Fortún --<br/>3. Vinícola Torres Alegre y Familia --<br/>4. L.A. Cetto --<br/>5. Clos de Tres Cantos --<br/>6. Vinícola Aldo Cesar Palafox |
| 650 13 - PUNTO DE ACCESO ADICIONAL DE MATERIA--TÉRMINO DE MATERIA |
| 9 (RLIN) |
151418 |
| Término de materia o nombre geográfico como elemento de entrada |
Industria del vino |
| Subdivisión geográfica |
México |
| -- |
Baja California |
| 650 13 - PUNTO DE ACCESO ADICIONAL DE MATERIA--TÉRMINO DE MATERIA |
| 9 (RLIN) |
156221 |
| Término de materia o nombre geográfico como elemento de entrada |
Calidad del vino |
| 650 13 - PUNTO DE ACCESO ADICIONAL DE MATERIA--TÉRMINO DE MATERIA |
| 9 (RLIN) |
119879 |
| Término de materia o nombre geográfico como elemento de entrada |
Vinos |
| Subdivisión general |
Comercialización |
| 650 13 - PUNTO DE ACCESO ADICIONAL DE MATERIA--TÉRMINO DE MATERIA |
| 9 (RLIN) |
151244 |
| Término de materia o nombre geográfico como elemento de entrada |
Vinificación |
| Subdivisión general |
Calidad del proceso |
| 650 13 - PUNTO DE ACCESO ADICIONAL DE MATERIA--TÉRMINO DE MATERIA |
| 9 (RLIN) |
151419 |
| Término de materia o nombre geográfico como elemento de entrada |
Wine industry |
| Subdivisión geográfica |
Mexico |
| -- |
Baja California |
| 650 13 - PUNTO DE ACCESO ADICIONAL DE MATERIA--TÉRMINO DE MATERIA |
| 9 (RLIN) |
156223 |
| Término de materia o nombre geográfico como elemento de entrada |
Wine quality |
| 650 13 - PUNTO DE ACCESO ADICIONAL DE MATERIA--TÉRMINO DE MATERIA |
| 9 (RLIN) |
148017 |
| Término de materia o nombre geográfico como elemento de entrada |
Wines |
| Subdivisión general |
Commercialization |
| 650 13 - PUNTO DE ACCESO ADICIONAL DE MATERIA--TÉRMINO DE MATERIA |
| 9 (RLIN) |
151246 |
| Término de materia o nombre geográfico como elemento de entrada |
Winemaking |
| Subdivisión general |
Process quality |
| 700 1# - PUNTO DE ACCESO ADICIONAL--NOMBRE DE PERSONA |
| 9 (RLIN) |
161734 |
| Nombre de persona |
Ramayo Ramírez, José Orlando |
| Término indicativo de función/relación |
coordinador |
| 700 1# - PUNTO DE ACCESO ADICIONAL--NOMBRE DE PERSONA |
| 9 (RLIN) |
185631 |
| Nombre de persona |
Álvaro Romano, Ángel Gabriel |
| Término indicativo de función/relación |
colaborador |
| 856 40 - LOCALIZACIÓN Y ACCESO ELECTRÓNICOS |
| Identificador Uniforme del Recurso |
<a href="http://10.13.5.2/ve/T_C_862_SAI/T_C_862_SAI_2021-REPORTE_pdf">http://10.13.5.2/ve/T_C_862_SAI/T_C_862_SAI_2021-REPORTE_pdf</a> |
| Texto de enlace |
DESCARGAR REPORTE |